Management of third world crises in adverse partnership : (Record no. 184087)
[ view plain ]
| 000 -LEADER | |
|---|---|
| fixed length control field | 00732 a2200181 4500 |
| 003 - CONTROL NUMBER IDENTIFIER | |
| control field | NUST |
| 005 - DATE AND TIME OF LATEST TRANSACTION | |
| control field | 20230301141557.0 |
| 040 ## - CATALOGING SOURCE | |
| Transcribing agency | Nust |
| 082 ## - DEWEY DECIMAL CLASSIFICATION NUMBER | |
| Classification number | 327,BOK |
| 100 ## - MAIN ENTRY--PERSONAL NAME | |
| Personal name | Bokhari, Imtaiz H |
| 9 (RLIN) | 105004 |
| 245 ## - TITLE STATEMENT | |
| Title | Management of third world crises in adverse partnership : |
| Remainder of title | theory and practice / |
| Statement of responsibility, etc. | Imtaiz H Bokhari |
| 260 ## - PUBLICATION, DISTRIBUTION, ETC. | |
| Place of publication, distribution, etc. | Army Education Publishing House |
| Name of publisher, distributor, etc. | Pakistan |
| Date of publication, distribution, etc. | 2001 |
| 300 ## - PHYSICAL DESCRIPTION | |
| Extent | xx, 333 p.: |
| Other physical details | illus |
| Dimensions | 24 cm |
| 505 ## - FORMATTED CONTENTS NOTE | |
| Formatted contents note | Part 1: Theory (Page-3), Part 2: Practice Case in Crisis Management (Page-47), Part 3: Conclusion Theory and Practice (Page-275). |
| 600 ## - SUBJECT ADDED ENTRY--PERSONAL NAME | |
| Personal name | Imtaiz H Bokhari |
| 9 (RLIN) | 105005 |
| 650 ## - SUBJECT ADDED ENTRY--TOPICAL TERM | |
| Topical term or geographic name entry element | Management of third world crises in adverse partnership theory and practice |
| 9 (RLIN) | 105006 |
| 942 ## - ADDED ENTRY ELEMENTS (KOHA) | |
| Source of classification or shelving scheme | |
| Koha item type | Book |
| Call number prefix | 327,BOK |
| Withdrawn status | Lost status | Source of classification or shelving scheme | Damaged status | Not for loan | Permanent Location | Current Location | Shelving location | Date acquired | Full call number | Barcode | Date last seen | Price effective from | Koha item type | Public note |
|---|---|---|---|---|---|---|---|---|---|---|---|---|---|---|
| Military College of Signals (MCS) | Military College of Signals (MCS) | General Stacks | 12/12/2016 | 327,BOK | MCS28827 | 12/08/2016 | 12/12/2016 | Book | Almirah No.73, Shelf No.5 | |||||
| Military College of Signals (MCS) | Military College of Signals (MCS) | 12/12/2016 | 327,BOK | MCS28828 | 12/08/2016 | 12/12/2016 | Book | Almirah No.73, Shelf No.5 | ||||||
| Military College of Signals (MCS) | Military College of Signals (MCS) | General Stacks | 12/12/2016 | 327,BOK | MCS28829 | 12/08/2016 | 12/12/2016 | Book | Almirah No.73, Shelf No.5 | |||||
| Military College of Signals (MCS) | Military College of Signals (MCS) | General Stacks | 12/12/2016 | 327,BOK | MCS28830 | 12/08/2016 | 12/12/2016 | Book | Almirah No.49, Shelf No.6 |
